<?xml version="1.0" encoding="UTF-8"?>
<collection xmlns="http://www.loc.gov/MARC21/slim">
 <record>
  <leader>02313naa a2200277 i 4500</leader>
  <controlfield tag="001">acta70319</controlfield>
  <controlfield tag="005">20220202125813.0</controlfield>
  <controlfield tag="008">200918s2003    hu      o     0||   hun d</controlfield>
  <datafield tag="020" ind1=" " ind2=" ">
   <subfield code="a">963 9484 76 8</subfield>
  </datafield>
  <datafield tag="022" ind1=" " ind2=" ">
   <subfield code="a">1419-1288</subfield>
  </datafield>
  <datafield tag="040" ind1=" " ind2=" ">
   <subfield code="a">SZTE Egyetemi Kiadványok Repozitórium</subfield>
   <subfield code="b">hun</subfield>
  </datafield>
  <datafield tag="041" ind1=" " ind2=" ">
   <subfield code="a">hun</subfield>
  </datafield>
  <datafield tag="041" ind1=" " ind2=" ">
   <subfield code="a">eng</subfield>
  </datafield>
  <datafield tag="100" ind1="1" ind2=" ">
   <subfield code="a">Lángi József</subfield>
  </datafield>
  <datafield tag="245" ind1="1" ind2="3">
   <subfield code="a">Az abai Szentháromság tiszteletére szentelt plébániatemplom</subfield>
   <subfield code="h">[elektronikus dokumentum] /</subfield>
   <subfield code="c"> Lángi József</subfield>
  </datafield>
  <datafield tag="260" ind1=" " ind2=" ">
   <subfield code="c">2003</subfield>
  </datafield>
  <datafield tag="300" ind1=" " ind2=" ">
   <subfield code="a">81-100</subfield>
  </datafield>
  <datafield tag="490" ind1="0" ind2=" ">
   <subfield code="a">Szegedi vallási néprajzi könyvtár</subfield>
   <subfield code="v">12</subfield>
  </datafield>
  <datafield tag="490" ind1="0" ind2=" ">
   <subfield code="a">&quot;Oh, boldogságos háromság&quot; : tanulmányok a Szentháromág tiszteletéről</subfield>
   <subfield code="v">12</subfield>
  </datafield>
  <datafield tag="520" ind1="3" ind2=" ">
   <subfield code="a">The Roman Catholic church in Aba was built (1748-1754) by Jesuit convent of Székesfehérvár. The ground-lpan of the building is an equilateral triangle, which is unique in Hungary. Making of the furnitures was finished in 1769 but the works of the side altars weren't completed untill the disbanding of the order. The monumental work, led by Father Ló'rinc Petrasics, is a great baroque artistic constuction which propagates in all details the glory of the Holy Trinity. In the equilateral triangle there is a circle, whic embodies the essence of the Catholic dogma, the unique God consists of three persons: the Father, The Son and the Holy Spirit. In the ridge turret the biggest bell was also consecrated to the Holy Trinity, and the windows are arranged in groups of three, too. The Holy Trinity appears on the dome fresco as well: the Blessed Virgin and St. Francis from Xaver are paying homage to Him Surrounded by fifteen angels arranged in three groups. Even in the main altar picture portraying the heavenly and an earthy Trinity. In his essay the author, apart from this church in Aba, introduces some other chapels with equilaterial triangle ground-plans.</subfield>
  </datafield>
  <datafield tag="650" ind1=" " ind2="4">
   <subfield code="a">Bölcsészettudományok</subfield>
  </datafield>
  <datafield tag="650" ind1=" " ind2="4">
   <subfield code="a">Történettudomány és régészet</subfield>
  </datafield>
  <datafield tag="650" ind1=" " ind2="4">
   <subfield code="a">Filozófia, etika és vallástudományok</subfield>
  </datafield>
  <datafield tag="650" ind1=" " ind2="4">
   <subfield code="a">Művészetek (művészetek, művészettörténet, előadóművészetek, zene)</subfield>
  </datafield>
  <datafield tag="695" ind1=" " ind2=" ">
   <subfield code="a">Szentháromság, Vallási kultusz - magyar, Templomépítészet - Aba, Egyháztörténet - katolikus - Magyarország</subfield>
  </datafield>
  <datafield tag="856" ind1="4" ind2="0">
   <subfield code="u">http://acta.bibl.u-szeged.hu/70319/1/szegedi_vallasi_012_081-100.pdf</subfield>
   <subfield code="z">Dokumentum-elérés </subfield>
  </datafield>
 </record>
</collection>
